Don quixote: Nhà quý tộc tài ba xứ Mantra; T2

Kaydedildi:
Detaylı Bibliyografya
Yazar: Miguel de Cervantès Saavedra
Materyal Türü: Kitap
Dil:Undetermined
Baskı/Yayın Bilgisi: Hà Nội Văn Học 2001
Konular:
Etiketler: Etiketle
Etiket eklenmemiş, İlk siz ekleyin!
Thư viện lưu trữ: Trung tâm Học liệu Trường Đại học Cần Thơ
LEADER 00577nam a2200193Ia 4500
001 CTU_40306
008 210402s9999 xx 000 0 und d
020 |b 60.000đ 
082 |a 863 
082 |b S112/T2 
100 |a Miguel de Cervantès Saavedra 
245 0 |a Don quixote: Nhà quý tộc tài ba xứ Mantra; T2 
245 0 |c Miguel de Cervantès Saavedra 
260 |a Hà Nội 
260 |b Văn Học 
260 |c 2001 
650 |a spanish fiction ( vietnamese ) 
904 |i Minh, 010227 
980 |a Trung tâm Học liệu Trường Đại học Cần Thơ